Estadísticas para 15 principales países afectados por Covid19 - 6 de octubre 2021

Haz click aquí para intentar la prueba.

Estadísticas generales

  • Esta prueba ha sido intentada 5 veces
  • La puntuación promedio es 20 de 27

Estadísticas de respuestas

país% Correcto
Alemania
100%
Brasil
100%
Colombia
100%
España
100%
Estados Unidos
100%
Francia
100%
India
100%
Irán
100%
Italia
100%
México
100%
Reino Unido
100%
Rusia
100%
Suecia
100%
Argentina
80%
Indonesia
80%
Turquía
80%
Uruguay
80%
Baréin
40%
Chequia
40%
Eslovenia
40%
Estonia
40%
Lituania
40%
Países Bajos
40%
Serbia
40%
Bélgica
20%
Georgia
20%
Israel
20%

Distribución de puntuación

Porcentaje por número respondido

Porcentaje de gente con cada puntuación

Historial de tus puntuaciones

No has intentado esta prueba.